La argumentación en el discurso : conceptos y procedimientos introductorios /

Guardado en:
Otros Autores: Castro Fox, Guillermina, González, Nora, Palmucci, Daniela, Schmidt, José, López, Carolina, Vallejos, Patricia, dir
Formato: Libro
Publicado: Bahía Blanca : Ediuns, 2011
Edición:1a. reimp.
Materias:
Etiquetas: Agregar Etiqueta
Sin Etiquetas, Sea el primero en etiquetar este registro!
LEADER 01256nam a22002775a 4500
001 CEM.cems013618
005 20111214103127.0
008 130507s2011##################000#0#####d
003 CEMS
020 |a 9789871620302 
082 0 4 |a 412 
245 0 0 |a La argumentación en el discurso :  |b conceptos y procedimientos introductorios /  |c Directora Patricia Vallejos; guillermina Castro Fox y Otros 
250 |a 1a. reimp. 
260 |a Bahía Blanca :  |b Ediuns,  |c 2011 
300 |a 143 p. 
505 0 |a Primera Parte: Guía teórica: 1.- El lenguajes y sus usos -- 2.- La argumentación -- 3.- Perspecyivas de estudio de los desarrollos argumentativos -- 4.- Superestructuras del discurso argumentativo -- 5.- Perspectiva retórica de la argumentación -- 6.- Comportamientos argumentativos falaces -- 7./ La subjetividad en la argumentación -- Segunda Parte: Práctica de análisis y producción 
653 |a Lingüística 
653 |a Argumentación 
653 |a Discurso y argumentación 
700 1 |a Castro Fox, Guillermina 
700 1 |a González, Nora 
700 1 |a Palmucci, Daniela 
700 1 |a Schmidt, José 
700 1 |a López, Carolina 
700 1 |a Vallejos, Patricia, dir 
859 |a CEMS  |b BIB. CEMS - 11 de abril  |h 412  |i V246-1  |p 26255.11  |t Ej.1